000 00421nam a2200181Ia 4500
001 9563
005 20260306161727.0
008 260306t2004||||xx |||||||||||||| ||spa||
041 _aESP
082 _a382.1
_bD23
100 _aDaniels, John D.
_eAUT
245 0 _aNegocios internacionales:
_bambientes y operaciones
260 _c2004
300 _a
_c
650 _aGEN
654 _aCAN
942 _cLIB
_dJUS
_fJUS
_2ddc
_n
999 _c9563
_d9563